| 000 | 00951nam a2200265 a 4500 | ||
|---|---|---|---|
| 001 | 000027593 | ||
| 005 | 20241015091655.0 | ||
| 008 | 110401s2011 dr 000 0 eng d | ||
| 020 | _a9789945871555 | ||
| 040 |
_aDO-SdBNP _bspa _cBNPHU |
||
| 082 |
_a342.729302 _bR426c, 2011 |
||
| 110 | 1 |
_aRepública Dominicana. _9447 |
|
| 240 | 1 | 0 | _aConstitución (2010) |
| 245 | 1 | 0 |
_aConstitution of the Dominican Republic / _ctranslated from the spanish by Fabio J. Guzmán-Ariza. |
| 260 |
_aSanto Domingo : _bGaceta Judicial, _c2011. |
||
| 300 |
_a97 p. ; _c23 cm. |
||
| 490 | 1 | _aLegislativa | |
| 546 | _aInglés | ||
| 590 | _aInventariado, 2018/ YL | ||
| 651 | 4 |
_aRepública Dominicana _xConstitución (2010{Rpara} _935654 |
|
| 651 | 4 |
_aRepública Dominicana _zDerecho Constitucional _9449 |
|
| 700 | 1 |
_aGuzmán A., Fabio J. _q(Fabio José Guzmán Ariza), _d1949- _etr. _930896 |
|
| 830 | 0 |
_aLegislativa _930888 |
|
| 910 | _aValidado. Control de calidad EMS | ||
| 999 |
_c27085 _d27085 |
||